| 000 | 00705nam a22002177a 4500 | ||
|---|---|---|---|
| 001 | 507 | ||
| 003 | OSt | ||
| 005 | 20241206151153.0 | ||
| 008 | 160916b xxu||||| |||| 00| 0 eng d | ||
| 020 | _a971-569-089-0 | ||
| 040 | _cUM Bansalan College LIC | ||
| 082 |
_2--Sixth edition _aBFil. 899.211 _bP53 |
||
| 245 |
_aPhilippines contemporary literature: _bIn English and Filipino/ _cedited by Asuncion David-Maramba. |
||
| 250 | _aSixth edition | ||
| 260 |
_aMakati City: _bBookmark, Inc., _cc1993 |
||
| 300 |
_axxxv, 518p.: _c21.7 cm. |
||
| 650 | 0 |
_93810 _aPhilippine literature (English) |
|
| 650 | 0 |
_93811 _aPhilippine literature (Filipino) |
|
| 700 |
_93813 _aDavid-Maramba, Asuncion |
||
| 942 |
_2ddc _cBFIL. |
||
| 999 |
_c774 _d774 |
||